00401 a2200109 4500001000900000005001700009008004100026245008600067100002000153773010100173999001700274ART_805720260410161831.0260409a 10aGlobal markets and global justice?. Catholic social teaching and financial ethics1 aVan Gerwen, Jef0 tBoletín de estudios económicosgÉtica y economía - Vol. 55, Nº 170 (ago. 2000)wREV5142 c23245d23245